| 000 | 00000nam##2200000za#4500 |
| 001 | 9.575253 |
| 003 | CaOODSP |
| 005 | 20210624184556 |
| 007 | cr ||||||||||| |
| 008 | 150406|1999||||xxc|||||o f|0| 0 eng|d |
| 040 | |aCaOODSP|beng |
| 043 | |an-cn--- |
| 086 | 1 |aFs97-17/02E-PDF |
| 110 | 1 |aCanada. |bDepartment of Fisheries and Oceans. |
| 245 | 10|aVideo sensor system analysis report / |h[electronic resource]|cby L.A. Lalumiere. |
| 260 | |aDartmouth - Nova Scotia : |bFisheries and Oceans Canada |cc1999. |
| 300 | |a79p.|bfigs., references, tables |
| 490 | 1 |aCanadian contractor report of hydrography and ocean sciences |
| 546 | |a(Résumé en français). |
| 590 | |a12-40-Supp|b2012-10-23 |
| 720 | 1 |aLalumiere, L. |
| 830 | #0|aCanadian contractor report of hydrography and ocean sciences.|w(CaOODSP)9.506655 |
| 856 | 40|ahttp://publications.gc.ca|qPDF|s4012 KB|uhttps://publications.gc.ca/collections/collection_2012/mpo-dfo/Fs97-17-02-eng.pdf |